| 000 | 00891nam a22002177a 4500 | ||
|---|---|---|---|
| 005 | 20220117154338.0 | ||
| 008 | s2530 th tha d | ||
| 040 | _aNALT | ||
| 041 | _atha | ||
| 090 | _aอศ ป337ป 2530 | ||
| 245 | 1 | 0 | _aปฐมวงศ์ |
| 260 | 3 |
_aกรุงเทพฯ : _bโรงพิมพ์มหามกุฏราชวิทยาลัย, _c2530 |
|
| 300 |
_a140 หน้า : _b ภาพประกอบ |
||
| 650 | 0 | 4 | _aประภัศร์ เกษมศรี ณ อยุธยา, 2433--2530 |
| 650 | 0 | 4 | _aราชวงศ์จักรี |
| 650 | 0 | 4 | _aไทย -- ประวัติศาสตร์ -- กรุงรัตนโกสินทร์ -- รัชกาลที่ 4 |
| 850 | _aNALT | ||
| 856 | 4 | 0 | _uhttps://dl.parliament.go.th/handle/lirt/590750 |
| 942 |
_cCRE _2lcc |
||
| 998 |
_j4612 _k นางสาววัลยา พุ่มต้นวงค์ |
||
| 999 |
_c23476 _d23476 |
||